000 00630nam a2200205Ia 4500
001 13197
003 GE_BSU
008 181216s||||||||xx |||||||||||||| ||und||
040 _cGE_BSU
080 _a632+631.8
100 _aБерезова Е.Ф.;Л.М.Доросинский идр.
245 _aПрименение бактериальных удобрении
245 _cРед.Л.А.Синякова
260 _aМосква
260 _bСельхозгиз
260 _c1955
300 _a171стр.илл.20см.
653 _aПрименение бактериальных удобрении
942 _cBK
999 _c46361
_d46361